| 000 | 00000nas 2200000zi 4500 |
| 001 | 9.931389 |
| 003 | CaOODSP |
| 005 | 20250106133409 |
| 006 | m o d f |
| 007 | cr cn||||||||| |
| 008 | 231212c20239999mbcar p o f0###a0eng|d |
| 022 | |a2817-9153 |
| 040 | |aCaOODSP|beng|erda|cCaOODSP |
| 043 | |an-cn--- |
| 086 | 1 |aA91-15E-PDF |
| 110 | 2 |aCanadian Grain Commission.|eauthor, |eissuing body. |
| 222 | 0|aCanadian Grain Commission accessibility plan, progress report |
| 245 | 10|aCanadian Grain Commission accessibility plan, progress report. |
| 264 | 1|aWinnipeg, Manitoba : |bCanadian Grain Commission = Commission canadienne des grains, |c[2023]- |
| 310 | |aAnnual |
| 336 | |atext|btxt|2rdacontent |
| 337 | |acomputer|bc|2rdamedia |
| 338 | |aonline resource|bcr|2rdacarrier |
| 362 | 1 |aBegan with: 2023. |
| 500 | |aIssued also in French under title: Plan d'accessibilité de la Commission canadienne des grains, rapport d'étape. |
| 588 | |aDescription based on: 2023. |
| 588 | |aLatest issue consulted: 2023. |
| 610 | 20|aCanadian Grain Commission|vPeriodicals. |
| 650 | 0|aBarrier-free design|zCanada|xPlanning|vPeriodicals. |
| 650 | 0|aPeople with disabilities|xGovernment policy|zCanada|vPeriodicals. |
| 655 | 7|aPeriodicals|2lcgft |
| 775 | 08|tPlan d'accessibilité de la Commission canadienne des grains, rapport d'étape.|w(CaOODSP)9.931390 |